000 00349nam a2200133Ia 4500
008 240624s9999 xx 000 0 und d
041 _aeng
082 _a629.2 SCH
100 _aSCHWARTZ SAMUEL I
245 _aNO ONE AT THE WHEEL DRIVERLESS CARS AND
260 _c2018
_aNew York
_bPublicAffairs
300 _avii, 262 p.; 23 cm.
365 _c
_b25
999 _c32044
_d32044